Largest Cities that... - Statistics

General Stats
  • This quiz has been taken 197 times
    141 since last reset
  • The average score is 32 of 50
Answer Stats
Answer % Correct
Cairo
90%
Johannesburg
89%
Johannesburg
89%
Tokyo
89%
Jakarta
87%
Lagos
87%
Lagos
87%
Buenos Aires
85%
Buenos Aires
85%
Mexico City
83%
Moscow
83%
London
82%
Kiev
81%
Madrid
77%
Manila
77%
Saint Petersburg
77%
Osaka
73%
Osaka
73%
Sydney
73%
Kinshasa
71%
Lima
71%
Bogota
69%
Santiago
66%
Seoul
66%
Seoul
66%
Mumbai
63%
Los Angeles
61%
Shanghai
61%
Shanghai
61%
Singapore
60%
Beijing
59%
Melbourne
56%
Alexandria
55%
Kuala Lumpur
54%
Istanbul
52%
Luanda
52%
Luanda
52%
New York City
52%
Budapest
50%
Atlanta
46%
Athens
43%
Bangkok
43%
Ahmedabad
42%
Ankara
40%
Riyadh
37%
Abidjan
32%
Kabul
32%
Guangzhou
31%
Ho Chi Minh City
30%
Karachi
19%
No matching quizzes found
Score Distribution
Percent of People with Each Score
Percentile by Number Answered
Your Score History
You have not taken this quiz since the last reset